[Event "Montevideo Nazzari Memorial"]
[Site "Montevideo"]
[Date "2019.03.11"]
[Round "1"]
[White "Muniz, Luciano"]
[Black "Avedisian, Alexander"]
[Result "1/2-1/2"]
[WhiteElo "1614"]
[BlackElo "1926"]
[PlyCount "115"]
[EventDate "2019.03.11"]
[EventType "swiss"]
[EventRounds "7"]
[EventCountry "URU"]
[SourceTitle "CBM 189 Extra"]
[Source "ChessBase"]
[SourceDate "2019.05.31"]
[SourceVersion "1"]
[SourceVersionDate "2019.05.31"]
[SourceQuality "1"]

1. e4 c5 2. Nf3 g6 3. d4 cxd4 4. Nxd4 Nc6 5. Be3 Bg7 6. Bc4 Nf6 7. Nc3 Qa5 8. f3 Qb4 9. Bb3 Nxe4 10. fxe4 Bxd4 11. Bxd4 Qxd4 12. Rf1 0-0 13. Qd3 Qxd3 14. cxd3 d6 15. Kd2 Be6 16. Nd5 Rac8 17. Rac1 Bxd5 18. Bxd5 e6 19. Bxc6 bxc6 20. e5 d5 21. Rc5 Rc7 22. Rfc1 Rb8 23. R1c2 Kg7 24. b3 Rb6 25. Ke3 f6 26. d4 fxe5 27. dxe5 g5 28. g4 Kg6 29. R5c3 h5 30. gxh5+ Kxh5 31. Kd4 Kg6 32. Kc5 Rd7 33. Rf3 d4 34. Rf6+ Kg7 35. Rxe6 Rd5+ 36. Kc4 Kf7 37. Rd6 d3 38. Rd2 Rxe5 39. R2xd3 a5 40. Rd2 Rb4+ 41. Kc3 Rc5+ 42. Kb2 Rh4 43. Rg2 Ke7 44. Rg6 Rh5 45. h4 gxh4 46. R6g4 Kf6 47. Rf2+ Rcf5 48. Rh2 h3 49. Rg3 Ke6 50. Rgxh3 Rhg5 51. Rc3 c5 52. Rh6+ Rf6 53. Re3+ Kf7 54. Rxf6+ Kxf6 55. Kc3 Rg4 56. Kd3 a4 57. bxa4 Rxa4 58. Re2 1/2-1/2

[Event "URU-ch sf"]
[Site "Montevideo"]
[Date "2019.03.05"]
[Round "7"]
[White "Fabra, Nahiara"]
[Black "Muniz, Luciano"]
[Result "1/2-1/2"]
[WhiteElo "1227"]
[BlackElo "1614"]
[PlyCount "48"]
[EventDate "2019.03.01"]
[EventType "swiss"]
[EventRounds "8"]
[EventCountry "URU"]
[SourceTitle "CBM 189 Extra"]
[Source "ChessBase"]
[SourceDate "2019.05.31"]
[SourceVersion "1"]
[SourceVersionDate "2019.05.31"]
[SourceQuality "1"]

1. e4 c5 2. d4 cxd4 3. c3 dxc3 4. Nxc3 Nc6 5. Nf3 e6 6. Bc4 Be7 7. 0-0 d6 8. Qe2 a6 9. a3 Nf6 10. Rd1 Bd7 11. e5 Nxe5 12. Nxe5 dxe5 13. Qxe5 0-0 14. Bg5 Ng4 15. Qd4 Bxg5 16. Qxg4 Bh6 17. Rd3 Qe7 18. Rad1 Bc6 19. Rh3 Qg5 20. Qxg5 Bxg5 21. Rdd3 Rfd8 22. Rdg3 Bf6 23. Kf1 Rac8 24. Bd3 g6 1/2-1/2

[Event "URU-chT Interclubes Serie B"]
[Site "Montevideo"]
[Date "2016.09.25"]
[Round "5.52"]
[White "Recine, Leonel"]
[Black "Muniz, Luciano"]
[Result "1/2-1/2"]
[WhiteElo "1976"]
[BlackElo "1519"]
[PlyCount "100"]
[EventDate "2016.09.23"]
[EventType "swiss"]
[EventRounds "5"]
[EventCountry "URU"]
[SourceTitle "EXT 2024"]
[Source "ChessBase"]
[SourceDate "2023.10.10"]
[SourceVersion "1"]
[SourceVersionDate "2023.10.10"]
[SourceQuality "1"]

1. d4 Nf6 2. Nf3 g6 3. Bf4 Bg7 4. h3 0-0 5. e3 c5 6. c3 Qb6 7. Qb3 d6 8. Nbd2 Nc6 9. Qxb6 axb6 10. Nc4 Nd5 11. Bh2 Ra6 12. e4 Nf6 13. d5 Na5 14. Ncd2 Ra8 15. Bd3 Bd7 16. 0-0 b5 17. b4 cxb4 18. cxb4 Nc4 19. Nxc4 bxc4 20. Bxc4 Rfc8 21. Bd3 Ra3 22. Rad1 Ba4 23. Bb1 Bxd1 24. Rxd1 Rac3 25. Kf1 Rc1 26. Ke2 Rxd1 27. Kxd1 Bh6 28. Nd2 Nd7 29. f4 Bg7 30. Bg1 Bb2 31. Nb3 Nf6 32. Bd3 Ba3 33. b5 Nd7 34. Bd4 Nc5 35. Nxc5 Bxc5 36. Bb2 Be3 37. g3 Bf2 38. g4 Be3 39. f5 Bf4 40. a4 Be5 41. Bxe5 dxe5 42. Kd2 b6 43. Bc2 Kg7 44. Kd3 h5 45. g5 f6 46. gxf6+ Kxf6 47. fxg6 Kxg6 48. h4 Rc5 49. Bb3 Rc8 50. Bc2 Rf8 1/2-1/2